Statistics for Wii Play Tanks

Click here to take the quiz!

General Stats

  • This quiz has been taken 91 times
  • The average score is 6 of 9

Answer Stats

Answer% Correct
Red
93%
Black
88%
Yellow
84%
Brown
77%
Purple
75%
White
70%
Dark Green
33%
Light Green
33%
Gold
16%

Score Distribution

Percentile by Number Answered

Percent of People with Each Score

Your Score History

You have not taken this quiz